Chapman Library

Quantititative analysis for managers (Record no. 35)

000 -LEADER
fixed length control field 00432nam a2200145 4500
022 ## - INTERNATIONAL STANDARD SERIAL NUMBER
ISSN 0131536885
050 ## - LIBRARY OF CONGRESS CALL NUMBER
Classification number T56ren
100 ## - MAIN ENTRY--AUTHOR NAME
Personal name RENDER, Barry; STAIR, Ralph M. and HANNA, Michael E.
245 ## - TITLE STATEMENT
Title Quantititative analysis for managers
250 ## - EDITION STATEMENT
Edition statement 9th edition
260 ## - PUBLICATION, DISTRIBUTION, ETC. (IMPRINT)
Place of publication Upper Saddle River, New Jersey
Name of publisher Pearson/Prentice Hall
Year of publication 2006
300 ## - PHYSICAL DESCRIPTION
Number of Pages xiv, 731p.:ill.
650 ## - SUBJECT ADDED ENTRY--TOPICAL TERM
Topical Term Management science; Operarions research
942 ## - ADDED ENTRY ELEMENTS (KOHA)
Koha item type Books

No copies available.



CSUC Chapman Library is a Koha Automated Library.


Contact us: library@csuc.edu.gh.